The IMF at 70 : Making the Right Choices-Yesterday, Today, and Tomorrow.

International Monetary Fund Managing Director Christine Lagarde delivered this speech at the World Bank/IMF Annual Meetings in Washington, D.C., on October 10, 2014.

Bibliographic Details
Corporate Author: International Monetary Fund
Format: Journal
Language:English
Published: Washington, D.C. : International Monetary Fund, 2014.
Online Access:Full text available on IMF
LEADER 01101cas a2200205 a 4500
001 AALejournalIMF014764
008 230101c9999 xx r poo 0 0eng d
020 |c 5.00 USD 
020 |z 9781498378369 
040 |a BD-DhAAL  |c BD-DhAAL 
110 2 |a International Monetary Fund. 
245 1 4 |a The IMF at 70 :   |b Making the Right Choices-Yesterday, Today, and Tomorrow. 
264 1 |a Washington, D.C. :  |b International Monetary Fund,  |c 2014. 
300 |a 1 online resource (12 pages) 
500 |a <strong>Off-Campus Access:</strong> No User ID or Password Required 
500 |a <strong>On-Campus Access:</strong> No User ID or Password Required 
506 |a Electronic access restricted to authorized BRAC University faculty, staff and students 
520 3 |a International Monetary Fund Managing Director Christine Lagarde delivered this speech at the World Bank/IMF Annual Meetings in Washington, D.C., on October 10, 2014. 
538 |a Mode of access: Internet 
856 4 0 |z Full text available on IMF  |u http://elibrary.imf.org/view/books/076/22097-9781498378369-en/22097-9781498378369-en-book.xml  |z IMF e-Library